| 000 | 01078nam a2200193Ia 4500 | ||
|---|---|---|---|
| 003 | Ost | ||
| 005 | 20260507075111.0 | ||
| 008 | 260507s9999||||xx |||||||||||||| ||und|| | ||
| 040 | _cfsecg | ||
| 041 | _aara | ||
| 082 | _a330 | ||
| 100 |
_aمتولي فؤاد، بسيوني _eمؤلف |
||
| 245 | 0 |
_aمشكلة التخطيط / _c بسيوني متولي فؤاد |
|
| 260 |
_aالاسكندرية: _bمركز الاسكندرية للكتاب, _c1998 |
||
| 300 | _a صفحة؛ | ||
| 520 | _aيحتوي الكتاب على : تعريف التخطيط ، أنواع التخطيط ، التخطيط التربوي ،أنواع الخطط التعليمية ،مؤتمرات التخطيط التربوي ،أدوات وأهداف وأسس التخطيط التربوي ،بعض المعوقات التي تواجه التخطيط التربوي ، بعض العوامل التي تحتم إتخاذ سياسة التخطيط التربوي ، أهم ملامح الخطط التعليمية في مصر ، مراجع . | ||
| 653 | _a التخطيط | ||
| 942 | _cكتاب | ||
| 999 |
_c42902 _d42902 |
||